| 000 | 00501cam a2200181 a 4500 | ||
|---|---|---|---|
| 020 | _a0072904437 (pbk. : alk. paper) | ||
| 040 | _cDLC | ||
| 082 | 0 | 0 | _a550 HIL 2001 A027 Or. |
| 100 | 1 | _aPlummer, Charles C., | |
| 245 | 1 | 0 | _aPhysical geology / |
| 250 | _aUpdated 8th ed. / | ||
| 260 |
_aBoston : _bMcGraw-Hill, _cc2001. |
||
| 300 |
_axiv, 578 p. : _bill. (some col.), col. maps ; _c28 cm. |
||
| 650 | 0 | _aPhysical geology. | |
| 700 | 1 | _aMcGeary, David. | |
| 700 | 1 | _aCarlson, Diane H. | |
| 942 | _cEK | ||
| 999 |
_c13408 _d13408 |
||